[Event "D18blitz"]
[Site "?"]
[Date "2020.08.27"]
[Round "4.3"]
[White "Swiech, Joanna"]
[Black "Vanduyfhuys, Daria"]
[Result "1-0"]
[BlackElo "1844"]
[WhiteElo "1664"]
[LiveChessVersion "1.4.4"]

1. d4 {[%clk 0:03:03]} d5 {[%clk 0:03:03]} 2. c4 {[%clk 0:03:04]} e6
{[%clk 0:03:05]} 3. a3 {[%clk 0:03:04]} Nf6 {[%clk 0:03:04]} 4. Nc3
{[%clk 0:03:05]} Be7 {[%clk 0:03:05]} 5. Bg5 {[%clk 0:03:04]} O-O
{[%clk 0:03:05]} 6. e3 {[%clk 0:03:05]} c6 {[%clk 0:03:06]} 7. Nf3
{[%clk 0:03:04]} Nbd7 {[%clk 0:03:07]} 8. Bd3 {[%clk 0:03:03]} dxc4
{[%clk 0:03:08]} 9. Bxc4 {[%clk 0:03:03]} b5 {[%clk 0:03:09]} 10. Bd3
{[%clk 0:03:04]} a6 {[%clk 0:03:10]} 11. Rc1 {[%clk 0:03:04]} Bb7
{[%clk 0:03:07]} 12. O-O {[%clk 0:03:04]} c5 {[%clk 0:03:01]} 13. dxc5
{[%clk 0:02:35]} Nxc5 {[%clk 0:03:00]} 14. Bb1 {[%clk 0:02:25]} Rc8
{[%clk 0:02:46]} 15. Qe2 {[%clk 0:02:21]} Qb6 {[%clk 0:02:25]} 16. Ne5
{[%clk 0:02:03]} Rfd8 {[%clk 0:01:19]} 17. b4 {[%clk 0:01:44]} Ncd7
{[%clk 0:01:20]} 18. Nxd7 {[%clk 0:01:31]} Rxd7 {[%clk 0:01:21]} 19. f3
{[%clk 0:00:44]} Rdc7 {[%clk 0:01:20]} 20. Na2 {[%clk 0:00:41]} Bd5
{[%clk 0:01:10]} 21. Rxc7 {[%clk 0:00:39]} Rxc7 {[%clk 0:01:11]} 22. Kh1
{[%clk 0:00:22]} Bc4 {[%clk 0:00:55]} 23. Bd3 {[%clk 0:00:21]} h6
{[%clk 0:00:42]} 24. Bf4 {[%clk 0:00:18]} Rc6 {[%clk 0:00:37]} 25. Bxc4
{[%clk 0:00:17]} Rxc4 {[%clk 0:00:38]} 26. Rc1 {[%clk 0:00:17]} Rxc1+
{[%clk 0:00:29]} 27. Nxc1 {[%clk 0:00:18]} Nd5 {[%clk 0:00:26]} 28. Bg3
{[%clk 0:00:17]} Qxe3 {[%clk 0:00:27]} 29. Qxe3 {[%clk 0:00:17]} Nxe3
{[%clk 0:00:28]} 30. Nb3 {[%clk 0:00:13]} Nc4 {[%clk 0:00:28]} 31. Nc5
{[%clk 0:00:12]} Bxc5 {[%clk 0:00:25]} 32. bxc5 {[%clk 0:00:13]} Kf8
{[%clk 0:00:26]} 33. c6 {[%clk 0:00:10]} Ke7 {[%clk 0:00:27]} 34. Kg1
{[%clk 0:00:07]} Nxa3 {[%clk 0:00:25]} 35. c7 {[%clk 0:00:05]} Kd7
{[%clk 0:00:26]} 1-0

[Event "D18blitz"]
[Site "?"]
[Date "2020.08.27"]
[Round "4.4"]
[White "Rudzinska, Michalina"]
[Black "Karlyk, Maria"]
[Result "1-0"]
[BlackElo "1554"]
[WhiteElo "1804"]
[LiveChessVersion "1.4.4"]

1. e4 {[%clk 0:03:03]} c5 {[%clk 0:03:04]} 2. Nf3 d6 3. d4 {[%clk 0:03:05]} cxd4
{[%clk 0:03:06]} 4. Nxd4 {[%clk 0:03:06]} Nf6 {[%clk 0:03:08]} 5. Nc3
{[%clk 0:03:07]} Nc6 6. Bc4 e5 7. Nf5 Bxf5 8. exf5 Nd4 9. O-O Nxf5 10. Qf3 Qc8
11. Bb5+ Kd8 12. Be3 Be7 13. Rad1 g6 14. Bg5 Qc5 15. Qxb7 Qc8 16. Qf3 Nd4 17.
Rxd4 exd4 18. Bxf6 dxc3 19. Bxh8 Qb8 20. Bxc3 a6 21. Ba5+ Kc8 {[%clk 0:03:02]}
22. Qc6+ 1-0

[Event "D18blitz"]
[Site "?"]
[Date "2020.08.27"]
[Round "4.5"]
[White "Raczykowska, Paulina"]
[Black "Sowa, Wiktoria"]
[Result "0-1"]
[BlackElo "1802"]
[WhiteElo "1571"]
[LiveChessVersion "1.4.4"]

1. e4 {[%clk 0:03:02]} c5 {[%clk 0:03:04]} 2. Nf3 {[%clk 0:03:03]} Nc6
{[%clk 0:03:05]} 3. d4 {[%clk 0:03:04]} cxd4 {[%clk 0:03:07]} 4. Nxd4
{[%clk 0:03:05]} Nf6 {[%clk 0:03:08]} 5. Nc3 e5 6. Ndb5 d6 7. Nd5
{[%clk 0:03:05]} Nxd5 {[%clk 0:03:12]} 8. exd5 {[%clk 0:03:06]} Nb8
{[%clk 0:03:13]} 9. c4 {[%clk 0:03:02]} Be7 {[%clk 0:03:14]} 10. Bd3
{[%clk 0:02:57]} a6 {[%clk 0:03:15]} 11. Nc3 {[%clk 0:02:54]} Nd7
{[%clk 0:03:16]} 12. O-O {[%clk 0:02:37]} O-O {[%clk 0:03:17]} 13. a3
{[%clk 0:02:34]} f5 {[%clk 0:03:18]} 14. f3 {[%clk 0:02:35]} Nf6 {[%clk 0:03:19]}
15. b4 {[%clk 0:02:29]} Nd7 {[%clk 0:03:04]} 16. Kh1 {[%clk 0:02:25]} Bg5
{[%clk 0:02:58]} 17. Bxg5 {[%clk 0:01:36]} Qxg5 {[%clk 0:02:59]} 18. Qc1
{[%clk 0:01:37]} Qh4 {[%clk 0:02:54]} 19. Qe3 {[%clk 0:01:32]} Rf6
{[%clk 0:02:28]} 20. Qf2 {[%clk 0:01:33]} Qg5 {[%clk 0:02:29]} 21. Rae1
{[%clk 0:01:00]} Rh6 {[%clk 0:02:21]} 22. g3 {[%clk 0:00:51]} Nf6
{[%clk 0:01:52]} 23. Be2 {[%clk 0:00:31]} Nh5 {[%clk 0:01:06]} 24. Kg2
{[%clk 0:00:06]} Nf4+ {[%clk 0:01:04]} 25. Kh1 {[%clk 0:00:06]} Nh3
{[%clk 0:01:02]} 26. Qg2 {[%clk 0:00:04]} Qd2 {[%clk 0:00:56]} 27. Nb1
{[%clk 0:00:03]} Qb2 {[%clk 0:00:48]} 28. f4 {[%clk 0:00:04]} e4 {[%clk 0:00:34]}
29. Bd1 {[%clk 0:00:04]} Qxb1 {[%clk 0:00:24]} 30. Bg4 {[%clk 0:00:04]} Qd3
{[%clk 0:00:15]} 31. Bxh3 {[%clk 0:00:05]} Qxa3 {[%clk 0:00:16]} 32. Rf2
{[%clk 0:00:04]} Qxb4 {[%clk 0:00:16]} 33. Rc2 {[%clk 0:00:05]} Qc5
{[%clk 0:00:17]} 34. g4 {[%clk 0:00:04]} fxg4 {[%clk 0:00:17]} 35. Bxg4
{[%clk 0:00:05]} Rg6 {[%clk 0:00:16]} 36. h3 {[%clk 0:00:06]} Bxg4
{[%clk 0:00:13]} 37. hxg4 {[%clk 0:00:07]} Re8 {[%clk 0:00:13]} 38. g5
{[%clk 0:00:07]} e3 {[%clk 0:00:12]} 39. Rc3 {[%clk 0:00:05]} Qd4
{[%clk 0:00:11]} 40. Rc2 {[%clk 0:00:03]} Qxf4 {[%clk 0:00:12]} 0-1

[Event "D18blitz"]
[Site "?"]
[Date "2020.08.27"]
[Round "4.6"]
[White "Kalinowska, Zuzanna"]
[Black "Budkiewicz, Magdalena"]
[Result "1-0"]
[BlackElo "1542"]
[WhiteElo "1798"]
[LiveChessVersion "1.4.4"]

1. d4 {[%clk 0:03:03]} Nf6 {[%clk 0:03:03]} 2. c4 {[%clk 0:03:04]} g6
{[%clk 0:03:04]} 3. Nc3 {[%clk 0:03:05]} Bg7 {[%clk 0:03:05]} 4. e4
{[%clk 0:03:06]} d6 {[%clk 0:03:06]} 5. Nf3 {[%clk 0:03:06]} O-O {[%clk 0:03:06]}
6. h3 {[%clk 0:03:07]} e5 {[%clk 0:03:04]} 7. d5 {[%clk 0:03:08]} a5
{[%clk 0:03:01]} 8. Be3 {[%clk 0:03:04]} h6 {[%clk 0:02:53]} 9. g4
{[%clk 0:03:00]} Nfd7 {[%clk 0:02:47]} 10. Bd3 {[%clk 0:02:54]} Na6
{[%clk 0:02:47]} 11. Bc2 {[%clk 0:02:45]} Nac5 {[%clk 0:02:45]} 12. Qd2
{[%clk 0:02:35]} Kh7 {[%clk 0:02:46]} 13. b3 {[%clk 0:02:21]} Qe7
{[%clk 0:02:02]} 14. O-O-O {[%clk 0:01:58]} Nb6 {[%clk 0:01:16]} 15. Qe2
{[%clk 0:01:41]} c6 {[%clk 0:00:52]} 16. dxc6 {[%clk 0:01:19]} bxc6
{[%clk 0:00:52]} 17. Qd2 {[%clk 0:01:19]} d5 {[%clk 0:00:31]} 18. exd5
{[%clk 0:00:57]} e4 {[%clk 0:00:19]} 19. Ne1 {[%clk 0:00:34]} a4 {[%clk 0:00:14]}
20. d6 {[%clk 0:00:26]} Qa7 {[%clk 0:00:07]} 21. Bxc5 {[%clk 0:00:23]} axb3
{[%clk 0:00:08]} 22. Bxb3 {[%clk 0:00:22]} Qa5 {[%clk 0:00:07]} 23. Bd4
{[%clk 0:00:18]} Qa3+ {[%clk 0:00:09]} 24. Qb2 {[%clk 0:00:18]} Qa5
{[%clk 0:00:10]} 25. Bxg7 {[%clk 0:00:18]} Kxg7 {[%clk 0:00:11]} 26. Nxe4+
{[%clk 0:00:17]} Kh7 {[%clk 0:03:02]} 27. Nf6+ 1-0

[Event "D18blitz"]
[Site "?"]
[Date "2020.08.27"]
[Round "5.1"]
[White "Czarniecka, Aleksandra"]
[Black "Malicka, Maria"]
[Result "0-1"]
[BlackElo "1818"]
[WhiteElo "1758"]
[LiveChessVersion "1.4.4"]

1. e4 c5 2. Nf3 d6 3. d4 cxd4 4. Nxd4 Nf6 5. Nc3 a6 6. Be2 e5 7. Nf3 Be6 8. Bg5
Nbd7 9. Qd2 h6 10. Bxf6 Nxf6 11. O-O-O Be7 12. h3 b5 13. a3 Rb8 14. g4 Qb6 15. b4
Nh7 16. Rhg1 Ng5 17. Kb2 Nxh3 18. Rg3 Nf4 19. g5 Qxf2 20. Rdg1 h5 21. g6 Nxg6 22.
R1g2 Qb6 23. Ng5 Bc4 24. Bxc4 bxc4 25. Nd5 Qd4+ 26. Qxd4 exd4 27. Nc7+ Kd7 28.
Nxa6 Rb6 29. Nxf7 Nf4 30. Nxh8 Nxg2 31. Rxg2 Bf6 32. b5 Rxb5+ 33. Nb4 h4 34. Ng6
d3+ 35. c3 Rh5 36. Nf4 h3 37. Rh2 Be5 38. Nbd5 Rh4 39. Rxh3 Rxf4 40. Nxf4 Bxf4
41. Rh7 Be5 42. Kc1 Bxc3 43. a4 Kc6 44. Rh8 Kc5 45. Rb8 Kd4 46. Rd8 Ke3 47. Rxd6
Ke2 48. e5 Bxe5 49. Re6 d2+ 50. Kc2 d1=Q# 0-1

[Event "D18blitz"]
[Site "?"]
[Date "2020.08.27"]
[Round "5.2"]
[White "Jarocka, Liwia"]
[Black "Rudzinska, Michalina"]
[Result "1/2-1/2"]
[BlackElo "1804"]
[WhiteElo "1828"]
[LiveChessVersion "1.4.4"]

1. e4 {[%clk 0:03:03]} c5 {[%clk 0:03:03]} 2. Nf3 {[%clk 0:03:05]} e6
{[%clk 0:03:04]} 3. d4 {[%clk 0:03:06]} cxd4 {[%clk 0:03:05]} 4. Nxd4
{[%clk 0:03:07]} Nc6 {[%clk 0:03:05]} 5. Be2 {[%clk 0:03:06]} a6 {[%clk 0:03:04]}
6. O-O {[%clk 0:03:07]} Qc7 {[%clk 0:03:05]} 7. Nc3 {[%clk 0:03:02]} Nf6
{[%clk 0:03:05]} 8. Be3 {[%clk 0:03:03]} Be7 {[%clk 0:03:03]} 9. f4
{[%clk 0:03:04]} d6 {[%clk 0:03:04]} 10. Kh1 {[%clk 0:03:03]} O-O
{[%clk 0:03:03]} 11. Qe1 {[%clk 0:03:00]} Bd7 {[%clk 0:02:54]} 12. Qg3
{[%clk 0:02:45]} Rfe8 {[%clk 0:02:55]} 13. Rad1 {[%clk 0:02:37]} b5
{[%clk 0:02:56]} 14. a3 {[%clk 0:02:35]} Rab8 {[%clk 0:02:40]} 15. Nxc6
{[%clk 0:01:58]} Bxc6 {[%clk 0:02:39]} 16. Bd3 {[%clk 0:01:27]} g6
{[%clk 0:02:23]} 17. Bd4 {[%clk 0:01:11]} Nh5 {[%clk 0:02:23]} 18. Qf2
{[%clk 0:01:06]} f5 {[%clk 0:02:10]} 19. exf5 {[%clk 0:00:57]} exf5
{[%clk 0:02:10]} 20. Rfe1 {[%clk 0:00:51]} Bf6 {[%clk 0:02:10]} 21. Bxf6
{[%clk 0:00:50]} Nxf6 {[%clk 0:02:11]} 22. Qd4 {[%clk 0:00:51]} Nh5
{[%clk 0:01:14]} 23. Be2 {[%clk 0:00:39]} Ng7 {[%clk 0:00:46]} 24. Qxd6
{[%clk 0:00:39]} Qb7 {[%clk 0:00:42]} 25. Bf1 {[%clk 0:00:38]} Rbd8
{[%clk 0:00:31]} 26. Rxe8+ {[%clk 0:00:33]} Rxe8 {[%clk 0:00:32]} 27. Nd5
{[%clk 0:00:15]} Bxd5 {[%clk 0:00:26]} 28. Qxd5+ {[%clk 0:00:16]} Qxd5
{[%clk 0:00:17]} 29. Rxd5 {[%clk 0:00:18]} Re1 {[%clk 0:00:14]} 30. Kg1
{[%clk 0:00:19]} Rb1 {[%clk 0:00:09]} 31. b4 {[%clk 0:00:16]} Ra1
{[%clk 0:00:06]} 32. Rd3 {[%clk 0:00:09]} Ne6 {[%clk 0:00:07]} 33. g3
{[%clk 0:00:09]} Ra2 {[%clk 0:00:07]} 34. Rc3 {[%clk 0:00:08]} Nd4
{[%clk 0:00:07]} 35. Rc7 {[%clk 0:00:06]} 1/2-1/2

[Event "D18blitz"]
[Site "?"]
[Date "2020.08.27"]
[Round "5.3"]
[White "Vanduyfhuys, Daria"]
[Black "Kalinowska, Zuzanna"]
[Result "1/2-1/2"]
[BlackElo "1798"]
[WhiteElo "1844"]
[LiveChessVersion "1.4.4"]

1. d4 {[%clk 0:03:02]} Nf6 {[%clk 0:03:03]} 2. c4 {[%clk 0:03:03]} e6
{[%clk 0:03:04]} 3. Nf3 {[%clk 0:03:04]} Bb4+ {[%clk 0:03:02]} 4. Bd2
{[%clk 0:03:05]} Qe7 {[%clk 0:03:03]} 5. g3 {[%clk 0:03:06]} Nc6 {[%clk 0:03:00]}
6. Nc3 {[%clk 0:03:06]} Bxc3 {[%clk 0:02:53]} 7. Bxc3 {[%clk 0:03:06]} Ne4
{[%clk 0:02:50]} 8. Rc1 {[%clk 0:03:02]} Nxc3 {[%clk 0:02:49]} 9. Rxc3
{[%clk 0:03:02]} O-O {[%clk 0:02:41]} 10. Bg2 {[%clk 0:03:03]} Nd8
{[%clk 0:02:24]} 11. O-O {[%clk 0:02:57]} d5 {[%clk 0:02:22]} 12. Qc2
{[%clk 0:02:19]} c6 {[%clk 0:02:18]} 13. Ne5 {[%clk 0:02:00]} f6 {[%clk 0:02:12]}
14. Nd3 {[%clk 0:01:52]} Nf7 {[%clk 0:02:08]} 15. cxd5 {[%clk 0:01:42]} exd5
{[%clk 0:02:05]} 16. e3 {[%clk 0:01:25]} Bf5 {[%clk 0:02:03]} 17. Qd2
{[%clk 0:01:19]} Nd6 {[%clk 0:01:59]} 18. Nc5 {[%clk 0:01:06]} Rfe8
{[%clk 0:01:38]} 19. Qc1 {[%clk 0:01:01]} a5 {[%clk 0:00:55]} 20. b3
{[%clk 0:00:59]} Nb5 {[%clk 0:00:52]} 21. Rc2 {[%clk 0:00:47]} Bxc2
{[%clk 0:00:51]} 22. Qxc2 {[%clk 0:00:48]} Nd6 {[%clk 0:00:48]} 23. Na4
{[%clk 0:00:45]} Ne4 {[%clk 0:00:39]} 24. Rc1 {[%clk 0:00:46]} Qd6
{[%clk 0:00:33]} 25. Bxe4 {[%clk 0:00:42]} Rxe4 {[%clk 0:00:33]} 26. Nc5
{[%clk 0:00:39]} Re7 {[%clk 0:00:34]} 27. Nd3 {[%clk 0:00:39]} Rc7
{[%clk 0:00:29]} 28. Qd2 {[%clk 0:00:34]} b6 {[%clk 0:00:26]} 29. Nf4
{[%clk 0:00:32]} Rd8 {[%clk 0:00:23]} 30. Kg2 {[%clk 0:00:26]} c5
{[%clk 0:00:23]} 31. dxc5 {[%clk 0:00:27]} Rxc5 {[%clk 0:00:19]} 32. Rxc5
{[%clk 0:00:28]} Qxc5 {[%clk 0:00:20]} 33. Ne6 {[%clk 0:00:27]} Qc8
{[%clk 0:00:16]} 34. Nxd8 {[%clk 0:00:27]} Qxd8 {[%clk 0:00:17]} 35. Qd4
{[%clk 0:00:28]} Kf7 {[%clk 0:00:13]} 36. Kf3 {[%clk 0:00:29]} Ke6
{[%clk 0:00:14]} 37. Ke2 {[%clk 0:00:26]} Qd6 {[%clk 0:00:14]} 38. h4
{[%clk 0:00:21]} Qc5 {[%clk 0:00:15]} 39. Qxc5 {[%clk 0:00:21]} bxc5
{[%clk 0:00:15]} 40. Kd3 {[%clk 0:00:22]} Ke5 {[%clk 0:00:14]} 41. f3
{[%clk 0:00:23]} f5 {[%clk 0:00:14]} 42. Ke4+ 1/2-1/2

[Event "D18blitz"]
[Site "?"]
[Date "2020.08.27"]
[Round "5.4"]
[White "Sowa, Wiktoria"]
[Black "Furtak, Joanna"]
[Result "0-1"]
[BlackElo "1698"]
[WhiteElo "1802"]
[LiveChessVersion "1.4.4"]

1. e4 {[%clk 0:03:04]} c5 {[%clk 0:03:02]} 2. Nf3 {[%clk 0:03:05]} Nc6
{[%clk 0:03:04]} 3. Bb5 {[%clk 0:03:06]} g6 {[%clk 0:03:04]} 4. O-O
{[%clk 0:03:06]} Bg7 {[%clk 0:03:05]} 5. c3 {[%clk 0:03:08]} e5 {[%clk 0:03:04]}
6. Re1 {[%clk 0:03:02]} Nge7 {[%clk 0:02:49]} 7. d3 {[%clk 0:02:56]} O-O
{[%clk 0:02:45]} 8. Be3 {[%clk 0:02:57]} d6 {[%clk 0:02:40]} 9. Nbd2
{[%clk 0:02:25]} f5 {[%clk 0:02:25]} 10. exf5 {[%clk 0:02:26]} Nxf5
{[%clk 0:02:22]} 11. Bg5 {[%clk 0:02:26]} Qc7 {[%clk 0:02:22]} 12. Ne4
{[%clk 0:02:20]} h6 {[%clk 0:02:20]} 13. Bh4 {[%clk 0:01:59]} g5 {[%clk 0:02:12]}
14. Bg3 {[%clk 0:01:59]} Nxg3 {[%clk 0:02:13]} 15. hxg3 {[%clk 0:02:00]} Bg4
{[%clk 0:02:08]} 16. Bc4+ {[%clk 0:01:56]} Kh8 {[%clk 0:02:02]} 17. Qd2
{[%clk 0:01:44]} Bxf3 18. gxf3 Rxf3 19. Kg2 Raf8 20. Rh1 Ne7 {[%clk 0:01:21]} 21.
Qxg5 d5 22. Rxh6+ Bxh6 23. Qxh6+ Kg8 24. Qg5+ Kf7 25. Kxf3 dxc4 26. Kg2 cxd3 27.
Qf6+ Kg8 28. Qg5+ Kf7 29. Qf6+ Kg8 30. Qe6+ Kg7 31. Rh1 d2 32. Qh6+ Kf7 33. Ng5+
Ke8 34. Ne6 Qc6+ 35. f3 Qxf3+ 36. Kh2 Qf2+ 37. Kh3 Qf5+ 38. Kh2 Qf2+ 39. Kh3 Qf5+
40. Kh2 {[%clk 0:00:19]} Qxe6 41. Qxe6 Rh8+ {[%clk 0:00:13]} 42. Kg2
{[%clk 0:00:11]} Rxh1 {[%clk 0:00:13]} 43. Kxh1 {[%clk 0:00:11]} d1=Q+ 44. Kg2
Qd5+ 45. Qxd5 Nxd5 46. Kf3 Ke7 47. Ke4 Ke6 48. g4 Nf6+ 49. Kf3 b5 50. b3 c4 51.
bxc4 bxc4 52. g5 Nd5 53. Kg4 Nxc3 54. Kh5 Kf7 55. g6+ Kg7 56. Kg5 e4 57. Kf4 Kxg6
58. Ke3 Kf5 59. Kd4 Kf4 60. Kxc3 e3 61. Kc2 Kf3 62. Kd1 e2+ 63. Ke1 c3 64. a4 c2
65. Kd2 c1=Q+ 66. Kxc1 e1=Q+ 67. Kb2 Qb4+ 68. Kc2 Qxa4+ 69. Kd3 Qb5+ 70. Kd4 Qd7+
71. Ke5 a5 72. Kf6 Qd5 0-1

[Event "D18blitz"]
[Site "?"]
[Date "2020.08.27"]
[Round "5.5"]
[White "Filipska, Maja"]
[Black "Kulpa, Zuzanna"]
[Result "0-1"]
[BlackElo "1490"]
[WhiteElo "1611"]
[LiveChessVersion "1.4.4"]

1. e4 {[%clk 0:03:03]} c5 {[%clk 0:03:04]} 2. Nf3 {[%clk 0:03:05]} d6
{[%clk 0:03:05]} 3. d4 {[%clk 0:03:06]} cxd4 {[%clk 0:03:06]} 4. Nxd4
{[%clk 0:03:07]} Nf6 {[%clk 0:03:07]} 5. Nc3 {[%clk 0:03:08]} a6 {[%clk 0:03:08]}
6. Bg5 {[%clk 0:03:09]} e6 {[%clk 0:03:09]} 7. Qd2 {[%clk 0:03:10]} h6
{[%clk 0:03:09]} 8. Be3 {[%clk 0:03:10]} e5 {[%clk 0:03:00]} 9. Nf5
{[%clk 0:02:57]} Bxf5 {[%clk 0:02:56]} 10. exf5 {[%clk 0:02:58]} d5
{[%clk 0:02:40]} 11. Na4 {[%clk 0:02:12]} d4 {[%clk 0:02:29]} 12. O-O-O
{[%clk 0:02:11]} Qc7 {[%clk 0:01:23]} 13. Bxd4 {[%clk 0:01:44]} exd4
{[%clk 0:01:24]} 14. Qxd4 {[%clk 0:01:44]} Nc6 {[%clk 0:01:21]} 15. Qe3+
{[%clk 0:01:39]} Be7 {[%clk 0:01:17]} 16. Nb6 {[%clk 0:01:34]} Rb8
{[%clk 0:01:08]} 17. Nc4 {[%clk 0:01:00]} O-O {[%clk 0:01:04]} 18. f3
{[%clk 0:00:59]} b5 {[%clk 0:00:49]} 19. Nd2 {[%clk 0:00:56]} Nd5
{[%clk 0:00:44]} 20. Qb3 {[%clk 0:00:53]} Nb6 {[%clk 0:00:35]} 21. Ne4
{[%clk 0:00:53]} Ne5 {[%clk 0:00:32]} 22. f6 {[%clk 0:00:42]} Bxf6
{[%clk 0:00:29]} 23. Nxf6+ {[%clk 0:00:43]} gxf6 {[%clk 0:00:30]} 24. f4
{[%clk 0:00:38]} Ng6 {[%clk 0:00:24]} 25. g3 {[%clk 0:00:33]} Rbd8
{[%clk 0:00:16]} 26. Bg2 {[%clk 0:00:27]} Nc4 {[%clk 0:00:15]} 27. Qf3
{[%clk 0:00:24]} Rc8 {[%clk 0:00:12]} 28. c3 {[%clk 0:00:12]} Qc5
{[%clk 0:00:07]} 29. Qh5 {[%clk 0:00:09]} Qe3+ {[%clk 0:00:08]} 30. Kb1
{[%clk 0:00:08]} Kh7 {[%clk 0:00:07]} 31. Qf3 {[%clk 0:00:05]} Qxf3
{[%clk 0:00:08]} 32. Bxf3 {[%clk 0:00:06]} Rfe8 {[%clk 0:00:09]} 33. Rhe1
{[%clk 0:00:06]} Rcd8 {[%clk 0:00:09]} 34. Rxe8 {[%clk 0:00:06]} Rxe8
{[%clk 0:00:11]} 35. Rd7 {[%clk 0:00:06]} Re1+ {[%clk 0:00:11]} 36. Kc2
{[%clk 0:00:08]} Kg7 {[%clk 0:00:12]} 37. b3 {[%clk 0:00:05]} Nb6
{[%clk 0:00:12]} 38. Rd6 {[%clk 0:00:06]} Re6 {[%clk 0:00:12]} 39. Rd8
{[%clk 0:00:06]} Ne7 {[%clk 0:00:12]} 40. Rb8 {[%clk 0:00:06]} Nd7
{[%clk 0:00:12]} 41. Rb7 {[%clk 0:00:06]} Nc5 {[%clk 0:00:13]} 42. Rc7
{[%clk 0:00:06]} Ne4 {[%clk 0:00:14]} 43. Ra7 {[%clk 0:00:05]} f5
{[%clk 0:00:13]} 44. h3 {[%clk 0:00:05]} Kg6 {[%clk 0:00:13]} 45. g4
{[%clk 0:00:06]} fxg4 {[%clk 0:00:13]} 46. hxg4 {[%clk 0:00:07]} f5
{[%clk 0:00:13]} 47. Bxe4 {[%clk 0:00:07]} Rxe4 {[%clk 0:00:13]} 48. Kd3
{[%clk 0:00:06]} Rxf4 {[%clk 0:00:14]} 49. Rxe7 {[%clk 0:00:06]} Rxg4
{[%clk 0:00:14]} 50. Re6+ {[%clk 0:00:07]} Kg5 {[%clk 0:00:15]} 51. Rxa6
{[%clk 0:00:08]} h5 {[%clk 0:00:16]} 52. c4 {[%clk 0:00:08]} bxc4+
{[%clk 0:00:16]} 53. bxc4 {[%clk 0:00:10]} h4 {[%clk 0:00:17]} 54. c5
{[%clk 0:00:11]} h3 {[%clk 0:00:18]} 55. c6 {[%clk 0:00:05]} h2 {[%clk 0:00:19]}
56. c7 {[%clk 0:00:06]} h1=Q {[%clk 0:00:18]} 57. c8=Q {[%clk 0:00:07]} Qe4+
{[%clk 0:00:14]} 58. Kc3 {[%clk 0:00:07]} Qd4+ {[%clk 0:00:14]} 59. Kb3
{[%clk 0:00:07]} Rg3+ {[%clk 0:00:14]} 60. Kc2 {[%clk 0:00:06]} Qf2+
{[%clk 0:00:14]} 61. Kb1 {[%clk 0:00:06]} Rg1+ {[%clk 0:00:15]} 62. Qc1+
{[%clk 0:00:06]} Rxc1+ {[%clk 0:00:14]} 63. Kxc1 {[%clk 0:00:08]} Qe3+
{[%clk 0:00:13]} 64. Kb2 {[%clk 0:00:08]} Qd4+ {[%clk 0:00:12]} 65. Kb3
{[%clk 0:00:07]} Qd3+ {[%clk 0:00:12]} 0-1

[Event "D18blitz"]
[Site "?"]
[Date "2020.08.27"]
[Round "5.6"]
[White "Karlyk, Maria"]
[Black "Kucharska, Honorata"]
[Result "0-1"]
[BlackElo "2038"]
[WhiteElo "1554"]
[LiveChessVersion "1.4.4"]

1. e4 {[%clk 0:03:02]} e6 {[%clk 0:03:02]} 2. d4 {[%clk 0:03:02]} d5
{[%clk 0:03:03]} 3. exd5 {[%clk 0:03:02]} exd5 {[%clk 0:03:05]} 4. Bd3
{[%clk 0:03:03]} Nc6 {[%clk 0:03:04]} 5. c3 {[%clk 0:03:04]} Bd6 {[%clk 0:03:05]}
6. Nf3 {[%clk 0:03:01]} Nge7 {[%clk 0:03:06]} 7. O-O {[%clk 0:02:55]} Bg4
{[%clk 0:03:08]} 8. Nbd2 {[%clk 0:02:54]} Qd7 {[%clk 0:03:09]} 9. Qb3
{[%clk 0:02:51]} O-O-O {[%clk 0:03:04]} 10. Bb5 {[%clk 0:02:45]} f6
{[%clk 0:03:01]} 11. a4 {[%clk 0:02:35]} g5 {[%clk 0:02:57]} 12. a5
{[%clk 0:02:21]} a6 {[%clk 0:02:58]} 13. Bd3 {[%clk 0:01:59]} h5 {[%clk 0:02:52]}
14. Qc2 {[%clk 0:01:58]} Bf5 {[%clk 0:02:47]} 15. Nb3 {[%clk 0:01:51]} Bxd3
{[%clk 0:02:35]} 16. Qxd3 {[%clk 0:01:52]} Nf5 {[%clk 0:02:34]} 17. Be3
{[%clk 0:01:39]} g4 {[%clk 0:02:32]} 18. Nfd2 {[%clk 0:01:23]} h4
{[%clk 0:02:28]} 19. f4 {[%clk 0:01:18]} gxf3 {[%clk 0:02:17]} 20. Rxf3
{[%clk 0:01:16]} Nxe3 {[%clk 0:02:13]} 21. Qxe3 {[%clk 0:01:17]} Rde8
{[%clk 0:01:53]} 22. Qd3 {[%clk 0:01:13]} Rh5 {[%clk 0:01:18]} 23. Rxf6
{[%clk 0:00:51]} h3 {[%clk 0:01:15]} 24. g3 {[%clk 0:00:44]} Qe7 {[%clk 0:01:06]}
25. Raf1 {[%clk 0:00:39]} Rg5 {[%clk 0:00:50]} 26. R6f3 {[%clk 0:00:30]} Nd8
{[%clk 0:00:43]} 27. Rf5 {[%clk 0:00:21]} Kb8 {[%clk 0:00:25]} 28. Rxg5
{[%clk 0:00:21]} Qxg5 {[%clk 0:00:26]} 29. Nf3 {[%clk 0:00:19]} Qg7
{[%clk 0:00:18]} 30. Nbd2 {[%clk 0:00:16]} Ne6 {[%clk 0:00:16]} 31. Ne5
{[%clk 0:00:12]} Bxe5 {[%clk 0:00:15]} 32. dxe5 {[%clk 0:00:13]} Qxe5
{[%clk 0:00:15]} 33. Nf3 {[%clk 0:00:12]} Qd6 {[%clk 0:00:15]} 34. Rd1
{[%clk 0:00:13]} c6 {[%clk 0:00:15]} 35. Qf5 {[%clk 0:00:12]} Nc7
{[%clk 0:00:16]} 36. Qxh3 {[%clk 0:00:10]} Qc5+ {[%clk 0:00:17]} 37. Kh1
{[%clk 0:00:10]} Qxa5 {[%clk 0:00:18]} 38. Qg2 {[%clk 0:00:11]} Qc5
{[%clk 0:00:19]} 39. Qd2 {[%clk 0:00:11]} Rh8 {[%clk 0:00:19]} 40. Qd4
{[%clk 0:00:11]} Qf8 {[%clk 0:00:20]} 41. Qg4 {[%clk 0:00:11]} Rg8
{[%clk 0:00:20]} 42. Qh5 {[%clk 0:00:11]} a5 {[%clk 0:00:21]} 43. Ne5
{[%clk 0:00:12]} Rh8 {[%clk 0:00:19]} 44. Nd7+ {[%clk 0:00:13]} Ka7
{[%clk 0:00:20]} 45. Nxf8 {[%clk 0:00:14]} Rxh5 {[%clk 0:00:21]} 46. Rf1
{[%clk 0:00:14]} b5 {[%clk 0:00:21]} 47. Nd7 {[%clk 0:00:15]} a4 {[%clk 0:00:22]}
48. Nc5 {[%clk 0:00:16]} Kb6 {[%clk 0:00:23]} 49. Nd3 {[%clk 0:00:16]} Rh7
{[%clk 0:00:21]} 50. Kg2 {[%clk 0:00:18]} Re7 {[%clk 0:00:22]} 51. Rf2
{[%clk 0:00:15]} Re6 {[%clk 0:00:20]} 52. g4 {[%clk 0:00:16]} c5 {[%clk 0:00:21]}
53. Nf4 {[%clk 0:00:17]} Rd6 {[%clk 0:00:22]} 54. h4 {[%clk 0:00:17]} b4
{[%clk 0:00:23]} 55. cxb4 {[%clk 0:00:18]} cxb4 {[%clk 0:00:24]} 56. g5
{[%clk 0:00:19]} a3 57. bxa3 {[%clk 0:00:20]} bxa3 {[%clk 0:00:20]} 58. g6
{[%clk 0:00:20]} Ne8 {[%clk 0:00:22]} 59. Rd2 {[%clk 0:00:20]} Kb5
{[%clk 0:00:22]} 60. Rxd5+ {[%clk 0:00:19]} Rxd5 {[%clk 0:00:23]} 61. Nxd5
{[%clk 0:00:19]} Kc4 {[%clk 0:00:21]} 62. Nf6 {[%clk 0:00:18]} Nxf6
{[%clk 0:00:22]} 63. g7 {[%clk 0:00:19]} a2 {[%clk 0:00:23]} 0-1

[Event "D18blitz"]
[Site "?"]
[Date "2020.08.27"]
[Round "6.1"]
[White "Malicka, Maria"]
[Black "Furtak, Joanna"]
[Result "1-0"]
[BlackElo "1698"]
[WhiteElo "1818"]
[LiveChessVersion "1.4.4"]

1. e4 c5 2. Nf3 Nc6 3. d4 cxd4 4. Nxd4 Qb6 5. Nb3 Nf6 6. Nc3 e6 7. Qe2 d6 8. Be3
Qc7 9. g4 Be7 10. g5 Nd7 11. O-O-O a6 12. f4 b5 13. Qh5 b4 14. Ne2 a5 15. Ned4
Nxd4 16. Nxd4 Bb7 17. Nxe6 Qc6 18. Nxg7+ Kd8 19. Bd3 a4 20. Qxf7 b3 21. axb3 axb3
22. Qxb3 Ra1+ 23. Kd2 Rxd1+ 24. Rxd1 Nc5 25. Bxc5 dxc5 26. Ra1 Bd6 27. Qf7 c4 28.
Qxc4 Bxf4+ 29. Ke2 Qd7 30. Ne6+ Ke7 31. Nxf4 Qg4+ 32. Ke3 Rf8 33. Qe6+ Qxe6 34.
Nxe6 Kxe6 35. Rf1 Rb8 36. Rf6+ Ke7 37. b3 Rg8 38. h4 Rd8 39. Rh6 Ra8 40. Rxh7+
1-0